Branded beauty (Record no. 4574)

MARC details
000 -CABECERA
campo de control de longitud fija 02538cam a2200325 a 4500
001 - NÚMERO DE CONTROL
campo de control 5554110
003 - IDENTIFICADOR DEL NÚMERO DE CONTROL
campo de control CaAEU
005 - FECHA Y HORA DE LA ÚLTIMA TRANSACCIÓN
campo de control 20250325112926.0
008 - DATOS DE LONGITUD FIJA--INFORMACIÓN GENERAL
campo de control de longitud fija 110526s2011 pau 000 0 eng
010 ## - NÚMERO DE CONTROL DE LA BIBLIOTECA DEL CONGRESO
Número de control de LC 2011021594
015 ## - NÚMERO DE BIBLIOGRAFÍA NACIONAL
Número de bibliografía nacional GBB177849
Fuente bnb
016 7# - NÚMERO DE CONTROL DE UNA AGENCIA BIBLIOGRÁFICA NACIONAL
Número de control del registro 015836891
Fuente Uk
020 ## - NÚMERO INTERNACIONAL ESTÁNDAR DEL LIBRO
Número Internacional Estándar del Libro 9780749461812
035 ## - NÚMERO DE CONTROL DEL SISTEMA
Número de control de sistema ocn713183255
040 ## - FUENTE DE LA CATALOGACIÓN
Centro catalogador/agencia de origen DLC
Lengua de catalogación eng
Centro/agencia transcriptor DLC
Centro/agencia modificador YDX
-- BTCTA
-- YDXCP
-- CDX
-- UKMGB
-- SINLB
-- DEBBG
-- OCLCO
-- IG#
-- BDX
-- VP@
-- AFMK
042 ## - CÓDIGO DE AUTENTICACIÓN
Código de autenticación pcc
050 00 - SIGNATURA TOPOGRÁFICA DE LA BIBLIOTECA DEL CONGRESO
Número de clasificación HD9970.5.C672
Número de documento/Ítem T86 2011
100 ## - ENTRADA PRINCIPAL--NOMBRE DE PERSONA
Nombre de persona Tungate, Mark
Fechas asociadas al nombre 1967-
245 10 - MENCIÓN DE TÍTULO
Título Branded beauty
Resto del título : how marketing changed the way we look
Mención de responsabilidad, etc. / Mark Tungate.
250 ## - MENCIÓN DE EDICIÓN
Mención de edición First edition
260 ## - PUBLICACIÓN, DISTRIBUCIÓN, ETC.
Lugar de publicación, distribución, etc. Philadelphia, PA :
Nombre del editor, distribuidor, etc. Kogan Page,
Fecha de publicación, distribución, etc. c2011.
300 ## - DESCRIPCIÓN FÍSICA
Extensión viii, 277 p. ;
Dimensiones 24 cm.
504 ## - NOTA DE BIBLIOGRAFÍA, ETC.
Nota de bibliografía, etc. Includes bibliographical references (p. [257]-258) and index.
505 0# - NOTA DE CONTENIDO CON FORMATO
Nota de contenido con formato Chasing Cleopatra — The glamour professionals — Out come the talons — The beauty queen of Corona — The French beauty factory — Giants in the bathroom — The Stardust factor — The five percent solution — The lure of luxury — How to launch a cream — The quest for eternal youth — Beauty goes global — A face in the crowd — Finding a niche — Beauty from shelf to street — Digital beauty — Under the knife — The new male order — Ethical, organic, and sustainable — The needle artists — The future of beauty.<br/><br/>
520 ## - SUMARIO, ETC.
Sumario, etc. Beauty is a multi-billion dollar global industry embracing make-up, skincare, hair care, fragrances, cosmetic surgery - even tattooing and piercing. Over the years it has used flattery, seduction, science and shame to persuade consumers to invest if they want to look their best.<br/><br/>Branded Beauty delves into the history and evolution of the beauty business. From luxury boutiques in Paris to tattoo parlours in Brooklyn, it contains interviews with the people who've made skin their trade. Analyzing the marketing strategies used by those who create and sell beauty products, it visits the labs where researchers seek the key to eternal youth. It compares attitudes to beauty from around the world and examines the rise of organic beauty products. Full of fascinating detail from great names such as Rubinstein and Arden, Revlon, Estée Lauder, L'Oréal and Max Factor, Branded Beauty is the ultimate guide to the current state of the industry and what the future holds for the beauty business.
650 #0 - PUNTO DE ACCESO ADICIONAL DE MATERIA--TÉRMINO DE MATERIA
Término de materia o nombre geográfico como elemento de entrada Cosmetics industry.
9 (RLIN) 25017
650 #0 - PUNTO DE ACCESO ADICIONAL DE MATERIA--TÉRMINO DE MATERIA
Término de materia o nombre geográfico como elemento de entrada Branding (Marketing)
9 (RLIN) 6284
650 #0 - PUNTO DE ACCESO ADICIONAL DE MATERIA--TÉRMINO DE MATERIA
Término de materia o nombre geográfico como elemento de entrada Advertising
Subdivisión general Cosmetics.
942 ## - ELEMENTOS DE ENTRADA AGREGADA (KOHA)
Fuente del sistema de clasificación o colocación Clasificación de Library of Congress
Holdings
Estado de retiro Estado de pérdida Fuente del sistema de clasificación o colocación Estado dañado No para préstamo Biblioteca de origen Biblioteca actual Fecha de adquisición Total de préstamos Signatura topográfica completa Código de barras Fecha visto por última vez Número de copia Precio válido a partir de Tipo de ítem Koha
    Clasificación de Library of Congress     TBS Barcelona TBS Barcelona 25/03/2025   HD9970.5.C672 TUN B05909 25/03/2025 1 25/03/2025 Book

Powered by Koha